000 01889nam0a2200385 4500
001 RU\NLR\BIBL_A\012169623
005 20200211111305.0
010 _a978-5-00077-957-6
_9250
021 _aRU
_bКН-П-19-088222
_9КН-П-19-6438
035 _a(NLR Aleph) 012169623
035 _a(RuMoRGB)010162932
090 _a12235214
_c12235214
100 _a20191223d2019 u y0rusy50 ca
101 0 _arus
_aeng
102 _aRU
105 _aac||z|||000zy
200 1 _aЖивая нить традиций. Владимирская область
_dLiving traditions. Vladimir Region
_e[художественный альбом]
_fМинистерство культуры Российской Федерации
_gавтор-составитель: В. Н. Королькова
_zeng
210 _aМосква
_cСам Полиграфист
_d2019
215 _a293 с.
_cцв. ил., портр.
_d21
300 _aТекст парал. рус., англ.
333 _a6+
510 1 _aLiving traditions. Vladimir Region
_zeng
517 1 _aВладимирская область
606 1 _aИскусство русское
_jАльбомы
_yВладимирская область
_91237350
_3RU\NLR\AUTH\66505180
607 _aВладимирская область
_jАльбомы
_xЭтнографические исследования
_92588518
_3RU\NLR\AUTH\661529849
686 1 _aЩ03(2Р=Рус)99Владимирская область я61
686 1 _aТ52(2Р344-4Вл)я6
702 1 _aКоролькова
_bВ. Н.
_gВера Николаевна
_4220
712 0 1 _4570
_aРоссийская Федерация
_bМинистерство культуры
_9509042
_3RU\NLR\AUTH\8810005812
942 _cBOOK
980 _aNBR
980 _aNB